000 00584cam a2200229 4500
001 B1504
008 090401t1984 xxu||||| |||| 00| 0 eng d
035 _a(Sirsi) u44786
041 _aeng
050 _a333.337094212
110 _aHillier Parker May and Rowden
_92042
245 _aCity of London office map. - July 1984
260 _aLondon
_bHillier Parker May and Rowden
_c1984
300 _a1 map ; 60x42cm.
350 _a0
520 _aAccompanied by 6p. commentary
650 _aLONDON
650 _aMAPS
650 _aOFFICES
942 _n0
948 _c04/03/1997
999 _c91595
_d91595